000
00287nam a22001337a 4500
008
170616b xxu||||| |||| 00| 0 eng d
020
_a
9781403976628
041
_a
eng
080
_a
32
100
_a
20
101
_a
SHP
245
_a
THE BATTLE FOR PEACE
_c
ZINNI, T
942
_2
udc
_c
BK
999
_c
17837
_d
17837